| 000 | 00599nam a22001937a 4500 | ||
|---|---|---|---|
| 005 | 20150813103427.0 | ||
| 010 | _aENG-113626 | ||
| 020 |
_c295.00 _a9788120350687 |
||
| 035 | _aEN-97158 | ||
| 037 | _bDBAD/PUB | ||
| 082 | _a005.10685 | ||
| 100 | _aAnirban Basu | ||
| 245 |
_aSoftware quality assurance, testing and metrics / _cby Anirban Basu |
||
| 260 |
_aDelhi _bPHI Learning _c2015 |
||
| 270 |
_aRimjhim House, 111, Patparganj Industrial Estate, _bDelhi _e110092 |
||
| 300 |
_axiii,301p. : _c24cm(pbk) _bill. |
||
| 500 | _aIncludes index | ||
| 942 |
_2ddc _cEN _mANI _h005.10685 |
||
| 999 |
_c95145 _d95145 |
||